000 00506nam a2200181Ia 4500
003 GCL
008 140319s9999 xx 000 0 eng d
040 _aGCL /
_cGCL
082 0 4 _aCC
_b332.4042
_bL C
100 1 _aLANE POOLE, STANLEY
245 1 0 _aCATALOGUE OF THE COLLECTION OF ARABIC COINS /
_cLANE POOLE, STANLEY
260 _a[S.N] :
_bAL-ARAB BOOKSHOP ،
_c1984
300 _a384 PP
650 0 4 _aARABIC CIVILIZATION
650 0 4 _aCOINS, ARABIC
650 0 4 _aCOINS, COLLECTION
942 _2ddc
_cBK
999 _c19122
_d19122